000 00471nam a2200181Ia 4500
003 GCL
008 140319s9999 xx 000 0 eng d
040 _aGCL /
_cGCL
082 0 4 _a746.6
_bG D
100 1 _aGIBSON, REYMAND E.
245 1 0 _aDECORATING T. SHIRTS /
_cGIBSON, REYMAND E.
260 _a[S.N] :
_bUSBORNE PUBLISHING LTD ،
_c1994
300 _a32 P
650 0 4 _aHANDCRAFT
650 0 4 _aDECORATING T-SHIRT
650 0 4 _aFABRIC PAINTING
942 _2ddc
_cBK
999 _c12639
_d12639